000 00185 a2200097 4500
020 _a8440604793
041 _aspa
100 _aKerr, M. E.
245 _aLe gusta este chico
942 _cBK
999 _c28514
_d28514